MARC

LEADER 00000nab a2200000 a 4500
001 vtls011566595
003 SK-MaSNL
005 20260309142405.0
008 160713c2016 xo qr0p 000 a slo
015 |a SNBRB2015/04 
038 |a BAULUV 
040 |a BAULUV  |b slo  |c BAULUV  |e AACR2 
041 |a slo  |b eng 
044 |a xo  |c SK 
072 7 |a 73  |x Sochárstvo, keramika, umelecké spracovanie kovov  |2 konspekt 
080 |a 745  |2 2011 
080 |a 739.1  |2 2011 
080 |a 671.12  |2 2011 
100 1 |a Hriešik Nepšinská, Mária  |4 aut  |9 435244 
245 1 0 |a Kinetický šperk Antona Cepku  |c Mária Hriešik Nepšinská 
300 |b Fotogr. 
600 1 7 |a Cepka, Anton,  |d 1936-2022  |2 SNKPH  |9 36922 
610 2 7 |a Slovenská národná galéria  |2 snkbucl  |9 59840 
610 2 7 |a Múzeum dizajnu (Mníchov, Nemecko)  |2 snkbucl  |9 1629673 
650 0 7 |a výstava  |2 BAULUVPH  |9 284761 
650 0 7 |a autorský šperk  |2 BAULUVPH  |9 1629674 
650 0 7 |a Kinetic Jewellery Exhibition  |2 BAULUVPHeng  |9 1629675 
650 0 7 |a kinetické umenie  |2 BAULUVPH  |9 30957 
650 0 7 |a Jewelry making  |2 BAULUVPHeng  |9 167053 
650 0 7 |a Author´s Jewel  |2 BAULUVPHeng  |9 1629676 
655 7 |a články z novín a časopisov  |2 SNKPH  |9 267496 
773 0 |t Remeslo, umenie, dizajn  |p RUD  |g Roč. 17, č. 2 (2016), s. 36-38  |x 1335-5457 
852 |a BAULUV  |b KIS3GCP 
856 2 |u http://www.uluv.sk/sk/web/casopis-rud/archiv/rok-2016/rud-022016/kineticky-sperk-antona-cepku/ 
958 |a SK 
958 |a RBX 
999 |c 3363622  |d 3365552